Normal view
MARC view
- RADIO CIRCUITS RADIO RECEIVERS AND RECEPTION RADIO TRANSMITTERS AND TRANSMISION
Entry Topical Term
001 - CONTROL NUMBER
- control field: 74977
003 - CONTROL NUMBER IDENTIFIER
- control field: NUST
005 - DATE AND TIME OF LATEST TRANSACTION
- control field: 20210628205328.0
008 - FIXED-LENGTH DATA ELEMENTS
- fixed length control field: 210628|| aca||aabn | a|a d
040 ## - CATALOGING SOURCE
- Original cataloging agency: NUST
- Transcribing agency: NUST
150 ## - HEADING--TOPICAL TERM
- Topical term or geographic name entry element: RADIO CIRCUITS RADIO RECEIVERS AND RECEPTION RADIO TRANSMITTERS AND TRANSMISION
670 ## - SOURCE DATA FOUND
- Source citation: Work cat.: (NUST): BOSTIAN, CHARLES W,KRAUSS, HERBERT L,RAAB, FREDERICK H 74976, SOLID STATE RADIO ENGINEERING, 1980
